Hacia una educación integral en las universidades chilenas

Saved in:
Bibliografiske detaljer
Main Authors: Larraín Undurraga, Ana María (Author), Larraín, Sonia (Author)
Format: Bog
Sprog:spansk
Udgivet: Santiago CPU 1988
Serier:Documento de trabajo, 13
Fag:
Tags: Tilføj Tag
Ingen Tags, Vær først til at tagge denne postø!

MARC

LEADER 00000nam a2200000 a 4500
001 UCW5868
003 CL-VaPUC
008 910816e19880000CL |||||||||||||||||spa|d
082 0 4 |a 378.983  |b LAR  |2 21 
100 |a Larraín Undurraga, Ana María  |e author  |9 310932 
700 0 |a Larraín, Sonia  |e author  |9 310933 
245 1 0 |a Hacia una educación integral en las universidades chilenas 
300 |a 35 p 
942 |c BK 
945 |d 19910816 00:00:00 
260 |a Santiago  |b CPU  |c 1988 
650 0 |a Educación superior   |9 223851 
651 7 |a CHILE  |2 CL-VaPUC  |9 310934 
583 |a last modification  |c 19910816 00:00:00  |k Rodrigo Vera 
490 0 |a Documento de trabajo, 13 
999 |c 219180  |d 219178 
952 |0 0  |1 0  |4 0  |6 378_983000000000000_LAR_1988  |7 0  |8 A  |9 209771  |a BIBEDU  |b BIBEDU  |d 2019-11-15  |i 2776499  |o 378.983 LAR 1988  |p 2776499  |r 2019-11-15  |w 2019-11-15  |y BK  |k EDU